Transmisor de FM para la banda de muy alta frecuencia /

Información acerca de un sistema de comunicaciones completo en la transmisión de radio. Se describen los circuitos y componentes de los equipos de transmisores. También se tratan las etapas de un transmisor, el manejo de la señal en cómo enviarlas por medio de ondas electromagnéticas y su comportami...

Descripció completa

Guardat en:
Dades bibliogràfiques
Autor principal: Moral Garmendia, Enrique del (autor)
Altres autors: González Martínez, José de Jesús (autor) (autor)
Format: Thesis Llibre
Idioma:espanyol
Publicat: Guadalajara, México : edición de autor, 1988
Matèries:
Etiquetes: Afegir etiqueta
Sense etiquetes, Sigues el primer a etiquetar aquest registre!

MARC

LEADER 00000nam^a2200000^a^4500
001 000043390
005 20250521000000.0
009 20260310085813.676
037 |a Acervo ITESO - Biblioteca 
041 |a ESP 
090 |a IEL. 20 
100 |a Moral Garmendia, Enrique del  |e (autor) 
245 1 0 |a Transmisor de FM para la banda de muy alta frecuencia /  |c E. del Moral Garmendia, J.J. González Martínez. 
264 1 |a Guadalajara, México :  |b edición de autor,  |c 1988 
300 |a 152 p. 
336 |a texto  |b txt  |2 rdacontenido 
337 |a sin mediación  |b n  |2 rdamedio 
338 |a volumen  |b nc  |2 rdasoporte 
502 |a ITESO Tesis de Licenciatura en Ingeniería Electrónica 
520 |a Información acerca de un sistema de comunicaciones completo en la transmisión de radio. Se describen los circuitos y componentes de los equipos de transmisores. También se tratan las etapas de un transmisor, el manejo de la señal en cómo enviarlas por medio de ondas electromagnéticas y su comportamiento en el medio ambiente. 
649 |a XX 
650 |a Radio de Frecuencia Modulada -  |x Tema Principal 
650 |a Radio de Onda Corta 
650 |a Radio -  |x Equipo y Aparatos 
650 |a Ingeniería Electrónica 
700 |a González Martínez, José de Jesús  |e (autor) 
910 |a Fondo General 
920 |a Impresos - Tesis del ITESO 
930 |a Colección General 
905 |a 104 
901 |a T001480100  |b IT2  |c TSS  |i 800148  |u 20250521 
902 |a https://opac.biblio.iteso.mx/vufind/Record/000043390